Súčasné trendy marketingu v teórii a v praxi

Poznatková ekonomika ako hybná sila rozvoja firiem na trhu. Off-line a on-line procesy generovania vedomostí. Marketing v podmienkach globalizácie. Koncepcia európskeho marketingu. Spoločensky zodpovedný marketing. Dobročinný marketing (Cause-related marketing. Charakteristika sociálneho marketingu...

ver descrição completa

Na minha lista:
Detalhes bibliográficos
Autor principal: Čihovská, Viera
Outros Autores: Hvizdová, Eva, ml, Kováčová, Jana
Formato: Capítulo de Livro
Idioma:eslovaco
Assuntos:
Tags: Adicionar Tag
Sem tags, seja o primeiro a adicionar uma tag!

MARC

LEADER 00000naa a2200000 4500
001 0128697
005 20240502072456.8
041 0 |a slo 
044 |a SK 
245 1 0 |a Súčasné trendy marketingu v teórii a v praxi  |c Viera Čihovská, Eva Hvizdová, Jana Kováčová 
520 |a Poznatková ekonomika ako hybná sila rozvoja firiem na trhu. Off-line a on-line procesy generovania vedomostí. Marketing v podmienkach globalizácie. Koncepcia európskeho marketingu. Spoločensky zodpovedný marketing. Dobročinný marketing (Cause-related marketing. Charakteristika sociálneho marketingu. 
610 2 0 |a marketing 
610 2 0 |a ekonomika vedomostná 
610 2 0 |a firmy 
610 2 0 |a manažment 
610 2 0 |a globalizácia 
610 2 0 |a marketing sociálny 
610 2 0 |a marketing spoločenský 
100 1 |a Čihovská, Viera 
700 1 |a Hvizdová, Eva, ml. 
700 1 |a Kováčová, Jana